000 00233nam a22000977a 4500
008 170120b xxu||||| |||| 00| 0 eng d
041 _aeng
080 _a618.2
245 _aELEMENTS OF RESEARCH IN NURSING
_cTREECEM E,W
942 _2udc
_cBK
999 _c3283
_d3283